00210nam a2200085Ia 4500008004100000100002100041245002900062260002400091260000900115170620s9999 xx 000 0 und d aFitzgerald- P.J. 0aSalmond on Jurisprudence bUniversal Law Pub. c2002